Pembinaan modul : Bagaimana membina modul latihan dan modul akademik

Bibliographic Details
Main Author: Sidek Mohd Noah
Other Authors: Jamaludin Ahmad
Format: Book
Published: Serdang, selangor : Penerbit UPM. , 2005
Subjects:

MARC

LEADER 00000cam a2200000 7i4500
001 0000003773
005 20110620.0
020 0 0 |a 9832871859 
090 0 0 |a 370.7   |b SID 2005 
100 0 0 |a Sidek Mohd Noah 
245 0 0 |a Pembinaan modul :   |b Bagaimana membina modul latihan dan modul akademik   |c Sidek Mohd Noah, Jamaludin Ahmad 
260 0 0 |a Serdang, selangor :   |b Penerbit UPM. ,   |c 2005 
300 |a ix.166 p. ;   |c 24 cm. 
500 0 0 |a Includes bibliographical and index 
650 0 0 |a Education---programmed instruction---handbooks,manuals 
650 0 0 |a Training manuals---handbooks, manuals 
700 0 1 |a Jamaludin Ahmad 
700 0 1 |a Sidek Mohd Noah 
998 |a JPSM 
999 |a 007626   |b Monograph   |c Open Shelf   |e Default branch